| 000 | 03986nam a2201477 i 4500 | ||
|---|---|---|---|
| 001 | nkc20243606342 | ||
| 003 | CZ PrSKC | ||
| 005 | 20260428162812.0 | ||
| 007 | ta | ||
| 008 | 240516s2024 xr a c f 000 0 cze | ||
| 015 | _acnb003606342 | ||
| 020 |
_a9788076374898 _q(vázáno) |
||
| 035 | _a(OCoLC)1445418697 | ||
| 040 |
_aBOA001 _bcze _erda |
||
| 072 | 7 |
_a629 _xDopravní prostředky _2Konspekt |
|
| 072 | 7 |
_a0/9-053.2 _xLiteratura pro děti a mládež (naučná) _2Konspekt |
|
| 080 |
_a629.322 _2MRF |
||
| 080 |
_a629(091) _2MRF |
||
| 080 |
_a(0.062) _2MRF |
||
| 080 |
_a(084.11) _2MRF |
||
| 080 |
_a(0.053.2) _2MRF |
||
| 100 | 1 |
_aBuddeus, Ondřej, _d1984- _4aut |
|
| 245 | 1 | 0 |
_aKolo : _bdopravní prostředek budoucnosti / _cOndřej Buddeus & Jindřich Janíček |
| 246 | 3 | _aDopravní prostředek budoucnosti kolo | |
| 250 | _aVydání první | ||
| 264 | 1 |
_aV Praze : _bPaseka, _c2024 |
|
| 300 |
_a117 stran : _bilustrace (převážně barevné) ; _c29 cm |
||
| 336 |
_atext _btxt _2rdacontent |
||
| 336 |
_astatický obraz _bsti _2rdacontent |
||
| 337 |
_abez média _bn _2rdamedia |
||
| 338 |
_asvazek _bnc _2rdacarrier |
||
| 500 | _a"Ilustroval a graficky upravil Jindřich Janíček"--Tiráž | ||
| 500 | _aPodle německého vydání | ||
| 520 | 2 | _aKolo je zdánlivě všední věc, která nám dává nevšední zážitky. Už více než 200 let je naším průvodcem na silnicích, v ulicích i po lesních stezkách. Bohatě ilustrovaná kniha vypráví příběh skromného, leč po celém světě známého dopravního prostředku. | |
| 521 | 8 | _aPro čtenáře od 10 let | |
| 650 | 0 | 7 |
_ajízdní kola _2czenas |
| 650 | 0 | 7 |
_adějiny dopravních prostředků _2czenas |
| 650 | 0 | 9 |
_abicycles _2eczenas |
| 650 | 0 | 9 |
_ahistory of means of transportation _2eczenas |
| 655 | 7 |
_apopulárně-naučné publikace _2czenas |
|
| 655 | 7 |
_aobrazové publikace _2czenas |
|
| 655 | 7 |
_apublikace pro děti _2czenas |
|
| 655 | 9 |
_apopular works _2eczenas |
|
| 655 | 9 |
_apictorial works _2eczenas |
|
| 655 | 9 |
_achildren's literature _2eczenas |
|
| 700 | 1 |
_aJaníček, Jindřich, _d1990- _4bkd _4ill |
|
| 765 | 0 | 8 |
_iNapsáno na základě originálního vydání: _tFahr Rad |
| 900 | _b20 | ||
| 910 | _aABA001 | ||
| 910 | _aABA012 | ||
| 910 | _aABB060 | ||
| 910 | _aABD005 | ||
| 910 | _aABE301 | ||
| 910 | _aABE344 | ||
| 910 | _aABG001 | ||
| 910 | _aABG010 | ||
| 910 | _aABG016 | ||
| 910 | _aABG030 | ||
| 910 | _aABG503 | ||
| 910 | _aBEG001 | ||
| 910 | _aBKG001 | ||
| 910 | _aBNG001 | ||
| 910 | _aBOA001 | ||
| 910 | _aBOD001 | ||
| 910 | _aBOG001 | ||
| 910 | _aCBA001 | ||
| 910 | _aCHG001 | ||
| 910 | _aCRG001 | ||
| 910 | _aCVG001 | ||
| 910 | _aFMG002 | ||
| 910 | _aFMG502 | ||
| 910 | _aFMG504 | ||
| 910 | _aHBG001 | ||
| 910 | _aHKA001 | ||
| 910 | _aHKG001 | ||
| 910 | _aHOG001 | ||
| 910 | _aHOG504 | ||
| 910 | _aJCG001 | ||
| 910 | _aKAG503 | ||
| 910 | _aKHG001 | ||
| 910 | _aKLG001 | ||
| 910 | _aKLG002 | ||
| 910 | _aKMG001 | ||
| 910 | _aKVG001 | ||
| 910 | _aLIA001 | ||
| 910 | _aLNG001 | ||
| 910 | _aMBG001 | ||
| 910 | _aMOG001 | ||
| 910 | _aNBG001 | ||
| 910 | _aNBG501 | ||
| 910 | _aNJG502 | ||
| 910 | _aNJG505 | ||
| 910 | _aOLA001 | ||
| 910 | _aOLG001 | ||
| 910 | _aOPG001 | ||
| 910 | _aOSA001 | ||
| 910 | _aOSG002 | ||
| 910 | _aPAG001 | ||
| 910 | _aPEG001 | ||
| 910 | _aPIG001 | ||
| 910 | _aPIG501 | ||
| 910 | _aPNG001 | ||
| 910 | _aPRG501 | ||
| 910 | _aPVG001 | ||
| 910 | _aSMG004 | ||
| 910 | _aSMG506 | ||
| 910 | _aSTG001 | ||
| 910 | _aSUG001 | ||
| 910 | _aSVG001 | ||
| 910 | _aTAG001 | ||
| 910 | _aTRG001 | ||
| 910 | _aTUG502 | ||
| 910 | _aTUG504 | ||
| 910 | _aUHG001 | ||
| 910 | _aULD001 | ||
| 910 | _aULG001 | ||
| 910 | _aUOG505 | ||
| 910 | _aVSG001 | ||
| 910 | _aVSG501 | ||
| 910 | _aVSG502 | ||
| 910 | _aZLG001 | ||
| 910 | _aZNG001 | ||
| 910 | _aZRG001 | ||
| 910 | _aZRG501 | ||
| 942 |
_2ddc _cKNIHA _n0 |
||
| 999 |
_c1883 _d1883 |
||